Ľudské práva vo svetovom a európskom rozmere : problematika národnostných menšín diplomová práca

Guardado en:
Detalles Bibliográficos
Autor principal: Mózesová, Monika
Autor Corporativo: Fakulta medzinárodných vzťahov EU. Katedra medzinárodných politických vzťahov
Otros Autores: Kupkovič, Miroslav
Formato: Libro
Lenguaje:eslovaco
Publicado: Bratislava 2009
Etiquetas: Agregar Etiqueta
Sin Etiquetas, Sea el primero en etiquetar este registro!

MARC

LEADER 00000nam$a2200000$$$4500
001 0097179
005 20240318140639.7
041 0 |a slo 
044 |a SK 
245 1 0 |a Ľudské práva vo svetovom a európskom rozmere : problematika národnostných menšín  |b diplomová práca  |c Monika Mózesová ; škol. Miroslav Kupkovič 
264 1 |a Bratislava  |c 2009 
300 |a 84 s. 
100 1 |a Mózesová, Monika 
700 1 |a Kupkovič, Miroslav 
710 2 |a Fakulta medzinárodných vzťahov EU. Katedra medzinárodných politických vzťahov